Tribhuvan University Central Library

Marketing life insurance in a bank or thrift (Record no. 48602)

MARC details
000 -LEADER
fixed length control field 00660 a2200241 4500
020 ## - INTERNATIONAL STANDARD BOOK NUMBER
International Standard Book Number 0-8133-7205-4
041 ## - LANGUAGE CODE
Language code of text/sound track or separate title Eng
082 ## - DEWEY DECIMAL CLASSIFICATION NUMBER
Classification number 332.17
Item number C818m
100 ## - MAIN ENTRY--PERSONAL NAME
Personal name Corsi, Jerome R., ed.
9 (RLIN) 4208
245 ## - TITLE STATEMENT
Title Marketing life insurance in a bank or thrift
260 ## - PUBLICATION, DISTRIBUTION, ETC.
Place of publication, distribution, etc. Boulder
Name of publisher, distributor, etc. Westview Press
Date of publication, distribution, etc. 1988
300 ## - PHYSICAL DESCRIPTION
Extent xii, 233p.
440 ## - SERIES STATEMENT/ADDED ENTRY--TITLE
Title Westview Professional Handbooks on the New Banking
9 (RLIN) 4209
650 ## - SUBJECT ADDED ENTRY--TOPICAL TERM
Topical term or geographic name entry element Marketing
9 (RLIN) 2149
650 ## - SUBJECT ADDED ENTRY--TOPICAL TERM
Topical term or geographic name entry element Finance
9 (RLIN) 2208
650 ## - SUBJECT ADDED ENTRY--TOPICAL TERM
Topical term or geographic name entry element Life insurance
9 (RLIN) 4210
650 ## - SUBJECT ADDED ENTRY--TOPICAL TERM
Topical term or geographic name entry element Banks
9 (RLIN) 4211
650 ## - SUBJECT ADDED ENTRY--TOPICAL TERM
Topical term or geographic name entry element Banking
9 (RLIN) 2897
650 ## - SUBJECT ADDED ENTRY--TOPICAL TERM
Topical term or geographic name entry element Marketing policy
9 (RLIN) 4212
653 ## - INDEX TERM--UNCONTROLLED
Uncontrolled term Economics
942 ## - ADDED ENTRY ELEMENTS (KOHA)
Source of classification or shelving scheme Dewey Decimal Classification
Koha item type General Collections
518 ## - DATE/TIME AND PLACE OF AN EVENT NOTE
-- 2010/12/12
Holdings
Withdrawn status Lost status Source of classification or shelving scheme Damaged status Not for loan Home library Current library Date acquired Total Checkouts Full call number Barcode Date last seen Price effective from Koha item type
    Dewey Decimal Classification     Tribhuvan University Central Library Tribhuvan University Central Library 12/12/2010   332.17 C818m G35501 12/12/2010 12/12/2010 General Collections